| 000 | 00576nam a2200193Ia 4500 | ||
|---|---|---|---|
| 003 | OSt | ||
| 005 | 20250125122345.0 | ||
| 008 | 210210b1997 xxu||||| |||| 00| 0 eng d | ||
| 040 | _cAL | ||
| 041 | _aKannada | ||
| 082 | _aK894.8 DAMM | ||
| 100 |
_aDAMODARA SHETTI (N) ದಾಮೋದರ ಶೆಟ್ಟಿ( ನಾ) _9132327 |
||
| 245 |
_aMuddana: Baduku-baraha _bಮುದ್ದಣ್ಣ ಬದುಕು ಬರಹ |
||
| 260 |
_aMangalore _bMangalore university _c1997 |
||
| 300 | _ax,44 | ||
| 690 |
_aKannada Miscellaneous _9132328 |
||
| 906 | _a054169 | ||
| 942 |
_2ddc _cBK |
||
| 999 |
_c102024 _d102024 |
||